[Event "Sec Almed op"]
[Site "Sec u Chrudimi"]
[Date "2008.10.28"]
[Round "5"]
[White "Krusina, Adolf"]
[Black "Kaluzny, Michal"]
[Result "0-1"]
[WhiteElo "1518"]
[BlackElo "1630"]
[PlyCount "82"]
[EventDate "2008.10.25"]
[EventType "swiss"]
[EventRounds "9"]
[EventCountry "CZE"]
[SourceTitle "EXT 2022"]
[Source "ChessBase"]
[SourceDate "2021.10.06"]
[SourceVersion "1"]
[SourceVersionDate "2021.10.06"]
[SourceQuality "1"]

1. e4 c5 2. Nf3 Nc6 3. d4 cxd4 4. Nxd4 e5 5. Nxc6 bxc6 6. Bc4 Nf6 7. Bg5 Rb8 8. Bb3 Ba6 9. Nd2 Be7 10. Bxf6 Bxf6 11. Rb1 Qa5 12. c3 Bd3 13. Nc4 Bxc4 14. Bxc4 0-0 15. 0-0 Rfd8 16. Qh5 d5 17. exd5 cxd5 18. Bd3 g6 19. Qe2 Qxa2 20. b4 Qxe2 21. Bxe2 Rbc8 22. Rb3 e4 23. b5 Rxc3 24. Rxc3 Bxc3 25. Rc1 d4 26. Rd1 d3 27. Bf1 d2 28. Be2 Bb2 29. Bg4 Bc1 30. Kf1 Rd5 31. Be2 Kg7 32. g3 Kf6 33. h3 Ke5 34. Bc4 Rc5 35. Bxf7 Rxb5 36. Ke2 a5 37. Ke3 a4 38. f4+ exf3 39. Kxf3 Kd4 40. Ke2 Re5+ 41. Kf1 Rf5+ 0-1